|
|
|
|
| LEADER |
00000cam a2200000 i 4500 |
| 001 |
1/99271 |
| 008 |
950327s1971 eng d |
| 020 |
|
|
|a 0-14-055150-6
|
| 035 |
|
|
|l 10011242
|
| 040 |
|
|
|a GR-MY-UA
|b gre
|e aacr
|
| 041 |
0 |
|
|a eng
|
| 082 |
0 |
|
|a 133
|
| 100 |
1 |
|
|a Thomas, Keith,
|d 1933-
|
| 245 |
1 |
0 |
|a Religion and the decline of magic :
|b studies in popular beliefs in sixteenth-and seventeenth-century England /
|c Keith Thomas
|
| 260 |
|
|
|a London :
|b Penguin,
|c 1971
|
| 300 |
|
|
|a 853 σ.;
|c 21 εκ.
|
| 504 |
|
|
|a Περιέχει ευρετήριο
|
| 650 |
0 |
0 |
|a Occultism
|z England
|x History
|y 16th century.
|
| 650 |
0 |
0 |
|a Occultism
|z England
|x History
|y 17th century.
|
| 650 |
0 |
0 |
|a Popular culture
|z England.
|
| 651 |
|
0 |
|a England
|x Religious life and customs.
|
| 651 |
|
0 |
|a England
|x Religion.
|
| 852 |
|
|
|a INST
|b LESVOS
|e 19950327
|h 133 ΤΗΟ
|p 005100002012
|q 005100002012
|t BK
|y 0
|
| 852 |
|
|
|a INST
|b LESVOS
|e 20070525
|h 133 ΤΗΟ
|p 005100037336
|q 005100037336
|t BK
|y 0
|
| 901 |
|
|
|a BIBL1-2007-2
|
| 909 |
|
|
|a Λ
|b 020056
|
| 909 |
|
|
|a Λ
|b 132602
|
| 922 |
|
|
|a 1ΕΛΗ
|b 199105
|c ΠΠ/1010
|